Chemical engineering drawing symbols
Saved in:
| Main Author: | |
|---|---|
| Format: | Book |
| Language: | English |
| Published: |
New York, New York : Willey,
1979
|
| Tags: |
Add Tag
No Tags, Be the first to tag this record!
|
MARC
| LEADER | 00000nam a2200000Ia 4500 | ||
|---|---|---|---|
| 003 | 000273 | ||
| 005 | 20221231143949.0 | ||
| 008 | 140114s1979 nyua 000 ||eng d | ||
| 040 | |c cru CEDI | ||
| 082 | |a 620 A935ch | ||
| 100 | |a Austin, D. G |9 19794 | ||
| 245 | |a Chemical engineering drawing symbols | ||
| 260 | |a New York, New York : Willey, |c 1979 | ||
| 300 | |a xv, 96 páginas : ilustraciones ; 31 cm |b Fotocopia | ||
| 942 | |2 ddc | ||
| 999 | |c 14878 |d 14878 | ||
